| 000 | 00808cam a22002414a 4500 | ||
|---|---|---|---|
| 999 |
_c332112 _d332112 |
||
| 001 | 16003410 | ||
| 003 | NUST | ||
| 005 | 20171113130159.0 | ||
| 008 | 091201s2009 enka b 001 0 eng | ||
| 010 | _a 2009497310 | ||
| 020 | _a9781847558787 | ||
| 040 |
_aDLC _cDLC |
||
| 050 | 0 | 0 |
_aTD430 _b.B52 2009 |
| 082 | _a628.162 BIN | ||
| 100 | 1 |
_aBinnie, Chris. _96324 |
|
| 245 | 1 | 0 |
_aBasic water treatment / _cChris Binnie, Martin Kimber. |
| 250 | _a4th ed. | ||
| 260 |
_aCambridge : _bRoyal Society of Chemistry, _c2009. |
||
| 300 |
_ax, 318 p. : _bill. ; _c22 cm. |
||
| 500 | _aP.B | ||
| 504 | _aIncludes bibliographical references (p. [301]-308) and index. | ||
| 650 | 0 |
_aWater _xPurification. _9264 |
|
| 700 | 1 |
_aKimber, Martin. _96325 |
|
| 906 |
_a7 _bcbc _corigcop _d2 _encip _f20 _gy-gencatlg |
||
| 942 |
_2ddc _cBK _kIESE |
||